Rubber recycling (Record no. 67945)

MARC details
000 -LEADER
fixed length control field 00318nam a2200133Ia 4500
100 ## - MAIN ENTRY--AUTHOR NAME
Personal name Schnecko H
245 #0 - TITLE STATEMENT
Title Rubber recycling
260 ## - PUBLICATION, DISTRIBUTION, ETC. (IMPRINT)
Name of publisher Kautschuk Gummi Kunststoffe
Year of publication 1994
300 ## - PHYSICAL DESCRIPTION
Number of Pages 885-890
650 ## - SUBJECT ADDED ENTRY--TOPICAL TERM
Topical Term Natural rubber
650 ## - SUBJECT ADDED ENTRY--TOPICAL TERM
Topical Term Recycling
942 ## - ADDED ENTRY ELEMENTS (KOHA)
Koha item type Journals
Holdings
Withdrawn status Lost status Damaged status Not for loan Home library Current library Shelving location Date acquired Serial Enumeration / chronology Koha item type
      Journals RRII Library RRII Library Rubber chemistry 17/12/2021 Volume 47, Issue 12 Journals